000
00303nam a2200133Ia 4500
008
230917s9999||||xx |||||||||||||| ||und||
040
_e
138284
_a
MAIN
041
_a
English
082
_a
823.7 D555 F:D
100
_a
Flint, Kate
245
0
_a
Dicknes
260
_a
Sursex
_b
Harvester Press
942
_c
BK
999
_c
85513
_d
85513